[Event "Winnipeg TNT March op"]
[Site "Winnipeg"]
[Date "2018.03.27"]
[Round "4"]
[White "Viznytsya, Yevhen"]
[Black "Letain, Cory"]
[Result "0-1"]
[WhiteElo "1581"]
[BlackElo "1714"]
[PlyCount "50"]
[EventDate "2018.03.06"]
[EventType "swiss"]
[EventRounds "4"]
[EventCountry "CAN"]
[SourceTitle "EXT 2022"]
[Source "ChessBase"]
[SourceDate "2021.10.06"]
[SourceVersion "1"]
[SourceVersionDate "2021.10.06"]
[SourceQuality "1"]

1. d4 Nf6 2. Nf3 g6 3. e3 Bg7 4. c4 0-0 5. Nc3 d6 6. Bd3 Nbd7 7. e4 e5 8. d5 a5 9. Be3 Ng4 10. Bd2 Nc5 11. Bc2 f5 12. h3 Nh6 13. Qe2 fxe4 14. Nxe4 Nxe4 15. Bxe4 Bf5 16. Bc3 Bxe4 17. Qxe4 Rf4 18. Qe2 e4 19. Bxg7 exf3 20. gxf3 Kxg7 21. 0-0-0 Qf6 22. Rde1 Rf8 23. Qe7+ Qxe7 24. Rxe7+ R8f7 25. Rxf7+ Kxf7 0-1

[Event "Winnipeg Rosenbloom Memorial"]
[Site "Winnipeg"]
[Date "2017.11.21"]
[Round "3"]
[White "Gannon, Keith"]
[Black "Viznytsya, Yevhen"]
[Result "0-1"]
[WhiteElo "1462"]
[BlackElo "1613"]
[PlyCount "82"]
[EventDate "2017.11.07"]
[EventType "swiss"]
[EventRounds "7"]
[EventCountry "CAN"]
[SourceTitle "EXT 2022"]
[Source "ChessBase"]
[SourceDate "2021.10.06"]
[SourceVersion "1"]
[SourceVersionDate "2021.10.06"]
[SourceQuality "1"]

1. e4 Nc6 2. d4 e6 3. c4 d5 4. cxd5 exd5 5. e5 Nge7 6. Nc3 g6 7. Nf3 Bg7 8. Bb5 a6 9. Ba4 0-0 10. 0-0 Be6 11. Re1 Na5 12. b4 Nc4 13. b5 c6 14. bxc6 bxc6 15. Bg5 f6 16. exf6 Bxf6 17. Rxe6 Bxg5 18. Nxg5 Nf5 19. Nf3 Nh4 20. Nxh4 Qxh4 21. Re2 Rac8 22. Bb3 Nd6 23. g3 Qf6 24. Qd2 Nf5 25. Rd1 h5 26. Bc2 h4 27. Bxf5 Qxf5 28. Re5 Qf3 29. Re6 h3 30. Rxg6+ Kf7 31. Qf4+ Qxf4 32. gxf4 Kxg6 33. Ne2 Rb8 34. Rc1 Rb2 35. Rxc6+ Kg7 36. Rc7+ Kg8 37. Ng3 Rxf4 38. Rc8+ Kf7 39. Rc7+ Ke8 40. Rh7 Rb1+ 41. Nf1 Rg4+ 0-1